| 000 | 00539nam a2200229Ia 4500 | ||
|---|---|---|---|
| 003 | OSt | ||
| 005 | 20231030115450.0 | ||
| 008 | 210210b1958 xxu||||| |||| 00| 0 eng d | ||
| 040 | _cAL | ||
| 041 | _aeng | ||
| 082 | _a515/16 | ||
| 100 |
_aBANSI (Lal) _9139969 |
||
| 245 | _aNew modern pure geometry | ||
| 260 |
_aDelhi _bAtma Ram & Sons _c1958 |
||
| 650 |
_apure _9139970 |
||
| 650 |
_aNew _9139971 |
||
| 650 |
_amodern _9139972 |
||
| 650 |
_ageometry _9139973 |
||
| 690 |
_aGeometry _9139974 |
||
| 906 | _a007582 | ||
| 942 |
_2ddc _cBK |
||
| 999 |
_c140122 _d140122 |
||